|
|
|
|
| LEADER |
01125nam a2200289 a 4500 |
| 001 |
40059 |
| 003 |
BD-DhAAL |
| 005 |
20230713133154.0 |
| 008 |
120928s2013 nyub b 001 0 eng |
| 010 |
|
|
|a 2012038501
|
| 020 |
|
|
|a 9781594487286
|
| 040 |
|
|
|a DLC
|c DLC
|d DLC
|d BD-DhAAL
|
| 050 |
0 |
0 |
|a BP75
|b .H39 2013
|
| 082 |
0 |
0 |
|a 297.63
|2 23
|
| 100 |
1 |
|
|a Hazleton, Lesley,
|d 1945-
|9 55064
|
| 245 |
1 |
4 |
|a The first Muslim :
|b the story of Muhammad /
|c Lesley Hazleton.
|
| 246 |
3 |
1 |
|a The 1st Muslim
|
| 260 |
|
|
|a New York :
|b Riverhead Books,
|c 2013.
|
| 300 |
|
|
|a 320 pages :
|b map ;
|c 24 cm.
|
| 504 |
|
|
|a Includes bibliographical references (p. [299]-310) and index.
|
| 505 |
0 |
|
|a Orphan -- Exile -- Leader.
|
| 541 |
|
|
|a Donated by Akbar Ali Khan
|e 40059
|
| 600 |
0 |
0 |
|a Muḥammad,
|c Prophet,
|d -632
|v Biography.
|9 55065
|
| 852 |
|
|
|a Ayesha Abed Library
|c Akbar Ali Khan Collection
|
| 942 |
|
|
|2 ddc
|c BK
|
| 999 |
|
|
|c 45969
|d 45969
|
| 952 |
|
|
|0 0
|1 0
|2 ddc
|4 0
|6 297_630000000000000_HAZ
|7 1
|9 73950
|a BRACUL
|b BRACUL
|c AAKC
|d 2023-07-13
|g 1937.46
|l 1
|o 297.63 HAZ
|p 3010040059
|r 2024-02-04
|s 2024-02-04
|t 1
|v 1937.46
|w 2023-07-13
|y BK
|x Price available in book. $18.00
|